| 000 | 00565nam a22001697a 4500 | ||
|---|---|---|---|
| 999 |
_c57358 _d57358 |
||
| 005 | 20200601151822.0 | ||
| 008 | 200601s2018 ge ||||| |||| 00| 0 geo d | ||
| 022 | _a25875329 | ||
| 041 | _ageo | ||
| 245 |
_aConstitutional court of Georgia : _b Journal of constitutional law № 2 2018 / _cEd. Zaza Tavadze. |
||
| 260 |
_aBatumi, _c2018 |
||
| 300 | _aV. | ||
| 653 | _aსაკონსტიტუციო სასამართლო | ||
| 653 | _aსამართალი | ||
| 700 |
_aTavadze, Zaza _eრედაქტორი _98274 |
||
| 942 |
_2udc _cCR |
||